000 00280nam a22001097a 4500
040 _cSCME
100 _aWebster
_978732
245 _aWebster’s New Encyclopedic Dictionary By Merriam-Webster
260 _aFederal street press
_bU.S
_c2002
300 _a2224p.
942 _2ddc
_cENC
999 _c609169
_d609169